000 00836nas a2200265 4500
001 BR0704295
003 BR-BrBNA
005 20231205111116.0
007 ta
008 230509b bl.|||p| |||| 00| 00por d
040 _aBR-BrBNA
_bpor
_cBiblioteca Nacional de Agricultura
041 _a(Pt)
072 _aF61; F04
100 1 _aTeixeira, N.T.
100 1 _aShigihara, R.
100 1 _aLima, M.F.D. de
100 1 _aBarbosa, A.P.
245 1 _aGranulados de solo e teores de nutrientes em folhas de cafeeiro (Coffea arabica L.)variedade mundo novo, ano agrícola 1997/1998
650 _aCAFÉ
650 _aNUTRIÇÃO VEGETAL
650 _aFERTILIZANTE
773 0 _tEcossistema (Brazil)
_xISSN 0100-4107
_g(Jan-Jul 2000), v. 25(1) p. 13-15
_wBR0704295
909 _a202311
_bLúcia
_c55
_dLúcia Elande
942 _2AGRIS
_n0
_cANA
999 _c190707
_d190707